00508nam a2200193Ia 4500003000400000005001700004008004100021020001300062040000700075082001500082100001700097245004300114250000700157260003400164300002600198500001900224600002100243650005000264OSt20241023110510.0240925s9999 xx 000 0 und d a71202579 csd a005.74 BER aBerson, Alex 0aData Warehousing, Data Mining and OLAP aNA aBoston:bMC Graw-Hillc,2001. ax,262p.bNAfOriginal aIncludes Index aComputer Science aComputer science, information & general works